[Event "HUN-chT2 9899"]
[Site "Hungary"]
[Date "1998.??.??"]
[Round "?"]
[White "Szikszai, Imola"]
[Black "Arato, Bela"]
[Result "1/2-1/2"]
[WhiteElo "2010"]
[BlackElo "2080"]
[PlyCount "45"]
[EventDate "1998.??.??"]
[EventType "team"]
[EventRounds "12"]
[EventCountry "HUN"]
[SourceTitle "EXT 2000"]
[Source "ChessBase"]
[SourceDate "1999.11.16"]
[SourceVersion "1"]
[SourceVersionDate "1999.11.16"]
[SourceQuality "1"]

1. e4 c5 2. Nf3 d6 3. d4 cxd4 4. Nxd4 Nf6 5. Nc3 g6 6. Be2 Bg7 7. Be3 Nc6 8. f3 0-0 9. Qd2 d5 10. Nxc6 bxc6 11. e5 Nd7 12. f4 Rb8 13. Rb1 Qa5 14. a3 e6 15. 0-0 Bb7 16. b4 Qc7 17. Rfd1 a6 18. Na4 Rfc8 19. c4 Bf8 20. Rbc1 a5 21. cxd5 exd5 22. Bg4 Rd8 23. e6 1/2-1/2

[Event "Centrocoop June op-A"]
[Site "Eforie Nord "]
[Date "1998.??.??"]
[Round "?"]
[White "Szikszai, Imola"]
[Black "Kalashnikova, Larisa"]
[Result "1-0"]
[WhiteElo "2155"]
[BlackElo "2090"]
[PlyCount "121"]
[EventDate "1998.06.??"]
[EventType "swiss"]
[EventRounds "11"]
[EventCountry "ROU"]
[SourceTitle "EXT 2000"]
[Source "ChessBase"]
[SourceDate "1999.11.16"]
[SourceVersion "1"]
[SourceVersionDate "1999.11.16"]
[SourceQuality "1"]

1. e4 c5 2. Nf3 e6 3. d4 cxd4 4. Nxd4 a6 5. c4 Qc7 6. Be2 Bc5 7. 0-0 Nf6 8. Nc3 0-0 9. Nb3 Ba7 10. Kh1 Nc6 11. f4 d6 12. Qe1 Nb4 13. Qg3 Nc2 14. Rb1 Nd4 15. Nxd4 Bxd4 16. Bd2 b6 17. Qd3 e5 18. f5 Bb7 19. Nd5 Bxd5 20. exd5 Rac8 21. b3 a5 22. Bg5 Qe7 23. Bf3 h6 24. Bh4 Kh7 25. Rbe1 Qd8 26. Be4 Rc7 27. g4 Rh8 28. Rf3 Kg8 29. a4 Rd7 30. Re2 Kf8 31. Rh3 Kg8 32. Rg2 Qf8 33. g5 hxg5 34. Bxg5 Rxh3 35. Qxh3 Nxe4 36. f6 Nf2+ 37. Rxf2 Bxf2 38. Qxd7 gxf6 39. Bxf6 Qh6 40. Qc8+ Kh7 41. Qf5+ Qg6 42. Qxf2 Qe4+ 43. Kg1 Qg4+ 44. Qg3 Qd4+ 45. Kg2 Qe4+ 46. Kf2 Qc2+ 47. Kg1 Qb1+ 48. Kg2 Qc2+ 49. Qf2 Qg6+ 50. Kh3 Qd3+ 51. Kg4 Qe4+ 52. Kh5 Qg6+ 53. Kh4 Qe4+ 54. Kh3 Qd3+ 55. Kg2 Qe4+ 56. Qf3 Qg6+ 57. Kh3 e4 58. Qf4 e3 59. Qh4+ Qh6 60. Qxh6+ Kxh6 61. Kg3 1-0

[Event "Centrocoop June op-A"]
[Site "Eforie Nord "]
[Date "1998.??.??"]
[Round "?"]
[White "Szikszai, Imola"]
[Black "Roitburd, Talic"]
[Result "0-1"]
[WhiteElo "2155"]
[BlackElo "2000"]
[PlyCount "74"]
[EventDate "1998.06.??"]
[EventType "swiss"]
[EventRounds "11"]
[EventCountry "ROU"]
[SourceTitle "EXT 2000"]
[Source "ChessBase"]
[SourceDate "1999.11.16"]
[SourceVersion "1"]
[SourceVersionDate "1999.11.16"]
[SourceQuality "1"]

1. Nf3 Nf6 2. c4 g6 3. Nc3 d6 4. e4 Bg7 5. d4 0-0 6. Be2 Nbd7 7. 0-0 e5 8. Be3 c6 9. Ne1 Qe7 10. f3 Nh5 11. Nc2 f5 12. dxe5 dxe5 13. exf5 gxf5 14. Qd2 Nc5 15. Rad1 Ne6 16. b4 Nhf4 17. c5 Kh8 18. Bc4 Qh4 19. Qf2 Nh3+ 20. gxh3 Qxc4 21. Nb1 f4 22. Bc1 Ng5 23. Kh1 Nxh3 24. Qd2 Bf5 25. Nca3 Qf7 26. Nc3 Bf6 27. Ne4 Rad8 28. Nd6 Qg6 29. Rg1 Nxg1 30. Rxg1 Qh5 31. Qe2 Rg8 32. Rxg8+ Rxg8 33. Nac4 Bh3 34. Bb2 Bg2+ 35. Qxg2 Rxg2 36. Kxg2 Kg8 37. Nxb7 Qg6+ 0-1

[Event "Centrocoop June op-A"]
[Site "Eforie Nord "]
[Date "1998.??.??"]
[Round "?"]
[White "Tikhomirov, Sergei"]
[Black "Szikszai, Imola"]
[Result "1-0"]
[WhiteElo "2435"]
[BlackElo "2155"]
[PlyCount "65"]
[EventDate "1998.06.??"]
[EventType "swiss"]
[EventRounds "11"]
[EventCountry "ROU"]
[SourceTitle "EXT 2000"]
[Source "ChessBase"]
[SourceDate "1999.11.16"]
[SourceVersion "1"]
[SourceVersionDate "1999.11.16"]
[SourceQuality "1"]

1. Nf3 d5 2. d4 Bf5 3. c4 e6 4. Nc3 Nf6 5. Qb3 b6 6. Bg5 c6 7. e3 Be7 8. h3 Nbd7 9. cxd5 cxd5 10. Ba6 0-0 11. Bf4 Be4 12. 0-0 Nh5 13. Bh2 Bxf3 14. gxf3 f5 15. Rac1 Ndf6 16. Nb5 Ne8 17. Rc6 Rf6 18. Kh1 Rg6 19. Qc2 Bf8 20. Rg1 Rxg1+ 21. Kxg1 Qg5+ 22. Kh1 Qh4 23. Bc8 Qxh3 24. Bxe6+ Kh8 25. Kg1 Qxf3 26. Qxf5 Qd1+ 27. Kg2 Nef6 28. Nc3 Qd2 29. Nxd5 Qxb2 30. Be5 Qb5 31. Nxf6 Nxf6 32. Rc7 a6 33. Qxf6 1-0